000 01039nam a2200325 i 4500
003 EG-GICUC
005 20260428130218.0
008 260428s1958 -us |fr|||| 001 0 eng d
040 _aEG-GiCUC
_beng
_cEG-GiCUC
_dEG-GiCUC
_erda
041 0 _aeng
082 0 4 _221
_a343
_bHA . C
092 0 4 _221
099 _aLaw1 10 343 HA . C 2 ed - 1958
100 1 _aHall, Livingston
_eAuthor.
245 1 4 _aCases On Criminal Law And Its Enforcement /
_cBy Livingston Hall, And Sheldon Glueck.
250 _aSecond Edition.
264 1 _aminnesota :
_bWest Publishing Co,
_c1958.
300 _a699 pages,
_c28 cm
336 _2rda content
_atext
337 _2rda media
_aComputer
338 _2rda carrier
_aOnline Resource
490 _aAmerican Casebook Series
504 _aIncludes bibliographical references
546 _aText in English
650 1 4 _aCriminal law
700 1 _aGlueck, Sheldon
_ejoint author.
856 4 0 _uhttps://fll.law.cu.edu.eg/fulltext/bks/B10-11676.pdf
905 _a48
942 _2ddc
_cBK
_e21
_n0
999 _c73905
_d73905